000 00224nam a2200097Ia 4500
008 230907s9999||||xx |||||||||||||| ||und||
082 _a620.8
_bEVA
245 0 _aEvacuation modeling trends /
300 _a133 p.
942 _cBK
999 _c600178
_d600178